[Event "DVM U20 2020"]
[Site "Willingen GER"]
[Date "2021.06.26"]
[Round "5"]
[White "Kamp, Adrian"]
[Black "von Estorff, Jacob"]
[Result "0-1"]
[Termination "normal"]
[Board "7.2"]
[WhiteElo "1982"]
[BlackElo "2125"]
[WhiteClock "00:05:50"]
[BlackClock "00:03:08"]
[WhiteTeam "Schachklub Münster 32 e. V."]
[BlackTeam "Post SV Uelzen"]
[PlyCount "134"]
[WhiteFideId "16222466"]
[BlackFideId "12974501"]
[EventCountry "GER"]
[EventRounds "7"]
[EventType "team-swiss"]
[EventDate "2021.06.23"]

1. e4 {[%clk 01:30:51]} {[%emt 00:00:09]} c5 {[%clk 01:30:39]} {[%emt
00:00:21]} 2. d4 {[%clk 01:30:59]} {[%emt 00:00:22]} cxd4 {[%clk 01:30:13]}
{[%emt 00:00:55]} 3. c3 {[%clk 01:31:10]} {[%emt 00:00:20]} d3 {[%clk
01:29:52]} {[%emt 00:00:52]} 4. Bxd3 {[%clk 01:31:14]} {[%emt 00:00:25]} Nc6
{[%clk 01:29:55]} {[%emt 00:00:27]} 5. c4 {[%clk 01:31:10]} {[%emt 00:00:34]}
d6 {[%clk 01:29:55]} {[%emt 00:00:30]} 6. h3 {[%clk 01:29:48]} {[%emt
00:01:52]} g6 {[%clk 01:29:56]} {[%emt 00:00:29]} 7. Nf3 {[%clk 01:30:00]}
{[%emt 00:00:18]} Bg7 {[%clk 01:30:15]} {[%emt 00:00:11]} 8. O-O {[%clk
01:30:06]} {[%emt 00:00:25]} Nf6 {[%clk 01:30:31]} {[%emt 00:00:14]} 9. Nc3
{[%clk 01:29:58]} {[%emt 00:00:38]} O-O {[%clk 01:30:36]} {[%emt 00:00:23]} 10.
Bf4 {[%clk 01:27:57]} {[%emt 00:02:32]} Nd7 {[%clk 01:26:22]} {[%emt 00:04:44]}
11. Rc1 {[%clk 01:27:37]} {[%emt 00:00:50]} Nde5 {[%clk 01:23:55]} {[%emt
00:02:58]} 12. Nxe5 {[%clk 01:24:12]} {[%emt 00:03:55]} Nxe5 {[%clk 01:23:57]}
{[%emt 00:00:28]} 13. Qe2 {[%clk 01:22:11]} {[%emt 00:02:30]} Be6 {[%clk
01:22:06]} {[%emt 00:02:21]} 14. Nd5 {[%clk 01:18:33]} {[%emt 00:04:08]} Rc8
{[%clk 01:17:57]} {[%emt 00:04:39]} 15. b3 {[%clk 01:13:58]} {[%emt 00:05:05]}
Re8 {[%clk 01:04:26]} {[%emt 00:14:02]} 16. Bd2 {[%clk 01:10:33]} {[%emt
00:03:54]} Bxd5 {[%clk 01:02:12]} {[%emt 00:02:44]} 17. exd5 {[%clk 01:10:14]}
{[%emt 00:00:49]} Nxd3 {[%clk 01:01:45]} {[%emt 00:00:57]} 18. Qxd3 {[%clk
01:10:23]} {[%emt 00:00:21]} Qd7 {[%clk 01:00:05]} {[%emt 00:02:10]} 19. Rfe1
{[%clk 01:06:26]} {[%emt 00:04:27]} Bf6 {[%clk 00:58:26]} {[%emt 00:02:10]} 20.
Bc3 {[%clk 01:04:45]} {[%emt 00:02:11]} a6 {[%clk 00:53:52]} {[%emt 00:05:04]}
21. Bxf6 {[%clk 01:02:49]} {[%emt 00:02:25]} exf6 {[%clk 00:54:03]} {[%emt
00:00:20]} 22. Qd4 {[%clk 00:54:07]} {[%emt 00:09:11]} Kg7 {[%clk 00:48:20]}
{[%emt 00:06:14]} 23. Rxe8 {[%clk 00:48:09]} {[%emt 00:06:28]} Rxe8 {[%clk
00:46:43]} {[%emt 00:02:06]} 24. c5 {[%clk 00:43:04]} {[%emt 00:05:35]} dxc5
{[%clk 00:46:50]} {[%emt 00:00:23]} 25. Qxc5 {[%clk 00:42:43]} {[%emt
00:00:51]} Re2 {[%clk 00:41:11]} {[%emt 00:06:09]} 26. Rd1 {[%clk 00:38:48]}
{[%emt 00:04:25]} Rxa2 {[%clk 00:34:57]} {[%emt 00:06:44]} 27. d6 {[%clk
00:36:20]} {[%emt 00:02:58]} Re2 {[%clk 00:33:26]} {[%emt 00:02:02]} 28. Rd4
{[%clk 00:33:06]} {[%emt 00:03:44]} Re8 {[%clk 00:30:45]} {[%emt 00:03:10]} 29.
Qd5 {[%clk 00:28:16]} {[%emt 00:05:20]} Qe6 {[%clk 00:26:57]} {[%emt 00:04:18]}
30. Qxe6 {[%clk 00:13:59]} {[%emt 00:14:47]} fxe6 {[%clk 00:27:16]} {[%emt
00:00:11]} 31. Rc4 {[%clk 00:14:01]} {[%emt 00:00:29]} Rd8 {[%clk 00:23:58]}
{[%emt 00:03:47]} 32. Rc7+ {[%clk 00:13:11]} {[%emt 00:01:21]} Kh6 {[%clk
00:23:37]} {[%emt 00:00:50]} 33. d7 {[%clk 00:13:18]} {[%emt 00:00:22]} b5
{[%clk 00:22:59]} {[%emt 00:01:09]} 34. Ra7 {[%clk 00:13:27]} {[%emt 00:00:20]}
Kg5 {[%clk 00:21:32]} {[%emt 00:01:57]} 35. Rxa6 {[%clk 00:13:27]} {[%emt
00:00:30]} Rxd7 {[%clk 00:21:29]} {[%emt 00:00:34]} 36. Rxe6 {[%clk 00:13:45]}
{[%emt 00:00:12]} Rd1+ {[%clk 00:20:18]} {[%emt 00:01:42]} 37. Kh2 {[%clk
00:13:58]} {[%emt 00:00:17]} Rd3 {[%clk 00:20:35]} {[%emt 00:00:13]} 38. h4+
{[%clk 00:09:33]} {[%emt 00:04:55]} Kf5 {[%clk 00:17:50]} {[%emt 00:03:14]} 39.
Re7 {[%clk 00:08:12]} {[%emt 00:01:50]} h5 {[%clk 00:13:32]} {[%emt 00:04:49]}
40. Rb7 {[%clk 00:08:08]} {[%emt 00:00:34]} Rxb3 {[%clk 00:13:53]} {[%emt
00:00:09]} 41. g3 {[%clk 00:08:31]} {[%emt 00:00:07]} Ke5 {[%clk 00:11:55]}
{[%emt 00:02:28]} 42. Rg7 {[%clk 00:07:46]} {[%emt 00:01:14]} Rc3 {[%clk
00:27:48]} {[%emt 00:14:38]} 43. Rxg6 {[%clk 00:29:19]} {[%emt 00:08:57]} Rc5
{[%clk 00:19:45]} {[%emt 00:08:33]} 44. Rh6 {[%clk 00:23:08]} {[%emt 00:06:41]}
Kd4 {[%clk 00:05:21]} {[%emt 00:14:54]} 45. Rxf6 {[%clk 00:21:32]} {[%emt
00:02:05]} b4 {[%clk 00:05:50]} {[%emt 00:00:03]} 46. Rb6 {[%clk 00:17:39]}
{[%emt 00:04:22]} Kc4 {[%clk 00:06:07]} {[%emt 00:00:13]} 47. f3 {[%clk
00:16:47]} {[%emt 00:01:21]} b3 {[%clk 00:05:01]} {[%emt 00:01:38]} 48. g4
{[%clk 00:15:55]} {[%emt 00:01:21]} Rb5 {[%clk 00:05:02]} {[%emt 00:00:29]} 49.
Rc6+ {[%clk 00:16:13]} {[%emt 00:00:12]} Rc5 {[%clk 00:02:43]} {[%emt
00:02:50]} 50. Rb6 {[%clk 00:16:22]} {[%emt 00:00:20]} Rb5 {[%clk 00:03:12]}
{[%emt 00:00:01]} 51. Rc6+ {[%clk 00:16:43]} {[%emt 00:00:10]} Kd3 {[%clk
00:02:22]} {[%emt 00:01:20]} 52. Rc1 {[%clk 00:16:38]} {[%emt 00:00:34]} b2
{[%clk 00:02:46]} {[%emt 00:00:07]} 53. Rb1 {[%clk 00:16:58]} {[%emt 00:00:09]}
Kc2 {[%clk 00:02:28]} {[%emt 00:00:48]} 54. Rxb2+ {[%clk 00:16:53]} {[%emt
00:00:35]} Kxb2 {[%clk 00:02:54]} {[%emt 00:00:05]} 55. Kg3 {[%clk 00:16:41]}
{[%emt 00:00:41]} Kc3 {[%clk 00:03:14]} {[%emt 00:00:10]} 56. gxh5 {[%clk
00:16:11]} {[%emt 00:00:59]} Rxh5 {[%clk 00:01:52]} {[%emt 00:01:54]} 57. Kg4
{[%clk 00:16:27]} {[%emt 00:00:13]} Rh8 {[%clk 00:02:18]} {[%emt 00:00:04]} 58.
h5 {[%clk 00:15:22]} {[%emt 00:01:35]} Kd4 {[%clk 00:02:42]} {[%emt 00:00:06]}
59. f4 {[%clk 00:07:32]} {[%emt 00:08:20]} Kd5 {[%clk 00:02:00]} {[%emt
00:01:11]} 60. Kg5 {[%clk 00:05:19]} {[%emt 00:02:44]} Ke6 {[%clk 00:02:24]}
{[%emt 00:00:06]} 61. Kg6 {[%clk 00:05:28]} {[%emt 00:00:21]} Rg8 {[%clk
00:02:40]} {[%emt 00:00:14]} 62. Kh6 {[%clk 00:05:07]} {[%emt 00:00:51]} Rg1
{[%clk 00:02:55]} {[%emt 00:00:15]} 63. Kh7 {[%clk 00:05:20]} {[%emt 00:00:17]}
Kf7 {[%clk 00:02:43]} {[%emt 00:00:41]} 64. Kh6 {[%clk 00:05:20]} {[%emt
00:00:30]} Rg4 {[%clk 00:02:12]} {[%emt 00:01:02]} 65. f5 {[%clk 00:05:27]}
{[%emt 00:00:22]} Rg1 {[%clk 00:02:28]} {[%emt 00:00:14]} 66. Kh7 {[%clk
00:05:39]} {[%emt 00:00:19]} Rg5 {[%clk 00:02:49]} {[%emt 00:00:09]} 67. h6
{[%clk 00:05:50]} {[%emt 00:00:19]} Rh5 {[%clk 00:03:08]} {[%emt 00:00:11]} 0-1

[Event "DVM U20 2020"]
[Site "Willingen GER"]
[Date "2021.06.26"]
[Round "5"]
[White "Bargsten, Justus"]
[Black "Toval, David"]
[Result "1-0"]
[Termination "normal"]
[Board "7.3"]
[WhiteElo "2052"]
[BlackElo "1857"]
[WhiteClock "00:38:51"]
[BlackClock "00:19:25"]
[WhiteTeam "Post SV Uelzen"]
[BlackTeam "Schachklub Münster 32 e. V."]
[PlyCount "93"]
[WhiteFideId "12974188"]
[BlackFideId "12992755"]
[EventCountry "GER"]
[EventRounds "7"]
[EventType "team-swiss"]
[EventDate "2021.06.23"]

1. e4 {[%clk 01:30:56]} {[%emt 00:00:03]} c5 {[%clk 01:30:54]} {[%emt
00:00:07]} 2. Nf3 {[%clk 01:31:22]} {[%emt 00:00:03]} d6 {[%clk 01:31:19]}
{[%emt 00:00:06]} 3. d4 {[%clk 01:31:49]} {[%emt 00:00:03]} cxd4 {[%clk
01:31:43]} {[%emt 00:00:07]} 4. Nxd4 {[%clk 01:32:15]} {[%emt 00:00:03]} Nf6
{[%clk 01:32:06]} {[%emt 00:00:07]} 5. Nc3 {[%clk 01:32:41]} {[%emt 00:00:04]}
a6 {[%clk 01:32:31]} {[%emt 00:00:05]} 6. h4 {[%clk 01:32:55]} {[%emt
00:00:16]} e6 {[%clk 01:32:52]} {[%emt 00:00:08]} 7. g4 {[%clk 01:33:18]}
{[%emt 00:00:08]} Be7 {[%clk 01:32:59]} {[%emt 00:00:23]} 8. g5 {[%clk
01:33:37]} {[%emt 00:00:11]} Nfd7 {[%clk 01:33:20]} {[%emt 00:00:08]} 9. Be3
{[%clk 01:33:53]} {[%emt 00:00:15]} b5 {[%clk 01:33:15]} {[%emt 00:00:35]} 10.
a3 {[%clk 01:26:49]} {[%emt 00:07:34]} Bb7 {[%clk 01:31:01]} {[%emt 00:02:43]}
11. Qd2 {[%clk 01:18:07]} {[%emt 00:09:12]} Nc6 {[%clk 01:27:14]} {[%emt
00:04:17]} 12. Nxc6 {[%clk 01:15:44]} {[%emt 00:02:53]} Bxc6 {[%clk 01:25:57]}
{[%emt 00:01:47]} 13. O-O-O {[%clk 01:12:53]} {[%emt 00:03:21]} Rb8 {[%clk
01:22:58]} {[%emt 00:03:29]} 14. Qd4 {[%clk 01:04:23]} {[%emt 00:09:01]} O-O
{[%clk 01:10:10]} {[%emt 00:13:17]} 15. b4 {[%clk 00:42:19]} {[%emt 00:22:34]}
a5 {[%clk 00:57:38]} {[%emt 00:13:02]} 16. Kb2 {[%clk 00:40:51]} {[%emt
00:01:58]} Nb6 {[%clk 00:39:12]} {[%emt 00:18:56]} 17. Be2 {[%clk 00:30:34]}
{[%emt 00:10:48]} Qc7 {[%clk 00:26:19]} {[%emt 00:13:22]} 18. h5 {[%clk
00:28:55]} {[%emt 00:02:10]} Rfc8 {[%clk 00:20:14]} {[%emt 00:06:35]} 19. Qd2
{[%clk 00:22:50]} {[%emt 00:06:35]} Nc4+ {[%clk 00:19:58]} {[%emt 00:00:45]}
20. Bxc4 {[%clk 00:23:13]} {[%emt 00:00:07]} bxc4 {[%clk 00:19:57]} {[%emt
00:00:32]} 21. Ra1 {[%clk 00:21:11]} {[%emt 00:02:31]} axb4 {[%clk 00:19:27]}
{[%emt 00:01:00]} 22. axb4 {[%clk 00:21:27]} {[%emt 00:00:15]} Rxb4+ {[%clk
00:12:21]} {[%emt 00:07:37]} 23. Kc1 {[%clk 00:21:56]} Qb7 {[%clk 00:10:59]}
{[%emt 00:01:52]} 24. h6 {[%clk 00:20:04]} {[%emt 00:02:22]} Ra8 {[%clk
00:10:35]} {[%emt 00:00:53]} 25. Rxa8+ {[%clk 00:16:06]} {[%emt 00:04:29]} Qxa8
{[%clk 00:10:59]} {[%emt 00:00:05]} 26. Nb1 {[%clk 00:16:07]} {[%emt 00:00:29]}
Qb7 {[%clk 00:07:51]} {[%emt 00:03:38]} 27. Na3 {[%clk 00:14:53]} {[%emt
00:01:44]} e5 {[%clk 00:06:06]} {[%emt 00:02:15]} 28. f3 {[%clk 00:14:02]}
{[%emt 00:01:21]} d5 {[%clk 00:04:05]} {[%emt 00:02:31]} 29. exd5 {[%clk
00:12:48]} {[%emt 00:01:45]} Bxd5 {[%clk 00:03:12]} {[%emt 00:01:23]} 30. Qc3
{[%clk 00:12:05]} {[%emt 00:01:14]} Qc7 {[%clk 00:02:08]} {[%emt 00:01:33]} 31.
Bf4 {[%clk 00:11:27]} {[%emt 00:01:07]} Bxf3 {[%clk 00:00:48]} {[%emt
00:01:50]} 32. Re1 {[%clk 00:10:47]} {[%emt 00:01:10]} Ra4 {[%clk 00:00:59]}
{[%emt 00:00:19]} 33. Rxe5 {[%clk 00:09:57]} {[%emt 00:01:21]} Rxa3 {[%clk
00:00:47]} {[%emt 00:00:41]} 34. Rxe7 {[%clk 00:10:13]} {[%emt 00:00:14]} Qxf4+
{[%clk 00:00:56]} {[%emt 00:00:22]} 35. Kb2 {[%clk 00:10:37]} {[%emt 00:00:06]}
Qb8+ {[%clk 00:00:32]} {[%emt 00:00:54]} 36. Kxa3 {[%clk 00:10:59]} {[%emt
00:00:07]} Qd6+ {[%clk 00:00:31]} {[%emt 00:00:31]} 37. Qb4 {[%clk 00:10:41]}
{[%emt 00:00:48]} Qxb4+ {[%clk 00:00:32]} {[%emt 00:00:30]} 38. Kxb4 {[%clk
00:11:09]} {[%emt 00:00:02]} gxh6 {[%clk 00:00:48]} {[%emt 00:00:14]} 39. gxh6
{[%clk 00:11:32]} {[%emt 00:00:06]} Kf8 {[%clk 00:01:06]} {[%emt 00:00:13]} 40.
Re3 {[%clk 00:11:48]} {[%emt 00:00:13]} Bd5 {[%clk 00:00:59]} {[%emt 00:00:38]}
41. c3 {[%clk 00:09:50]} {[%emt 00:02:27]} Be6 {[%clk 00:20:27]} {[%emt
00:11:02]} 42. Rg3 {[%clk 00:40:01]} {[%emt 00:00:19]} Ke7 {[%clk 00:20:36]}
{[%emt 00:00:21]} 43. Rg7 {[%clk 00:39:53]} {[%emt 00:00:39]} Kf6 {[%clk
00:20:44]} {[%emt 00:00:23]} 44. Rxh7 {[%clk 00:38:07]} {[%emt 00:02:15]} Kg6
{[%clk 00:21:08]} {[%emt 00:00:06]} 45. Rh8 {[%clk 00:38:30]} {[%emt 00:00:07]}
Kf6 {[%clk 00:19:20]} {[%emt 00:02:18]} 46. Rg8 {[%clk 00:38:27]} {[%emt
00:00:32]} Bf5 {[%clk 00:19:25]} {[%emt 00:00:25]} 47. Kxc4 {[%clk 00:38:51]}
{[%emt 00:00:07]} 1-0

[Event "DVM U20 2020"]
[Site "Willingen GER"]
[Date "2021.06.26"]
[Round "5"]
[White "Schröder, Lennart"]
[Black "Askerov, Imamali"]
[Result "1/2-1/2"]
[Termination "normal"]
[Board "7.4"]
[WhiteElo "1906"]
[BlackElo "1937"]
[WhiteClock "00:58:23"]
[BlackClock "00:07:22"]
[WhiteTeam "Schachklub Münster 32 e. V."]
[BlackTeam "Post SV Uelzen"]
[PlyCount "91"]
[WhiteFideId "16222490"]
[BlackFideId "12974498"]
[EventCountry "GER"]
[EventRounds "7"]
[EventType "team-swiss"]
[EventDate "2021.06.23"]

1. d4 {[%clk 01:30:55]} {[%emt 00:00:04]} d5 {[%clk 01:30:46]} {[%emt
00:00:15]} 2. c4 {[%clk 01:31:18]} {[%emt 00:00:07]} e6 {[%clk 01:31:10]}
{[%emt 00:00:06]} 3. Nf3 {[%clk 01:31:37]} Nf6 {[%clk 01:30:38]} {[%emt
00:01:12]} 4. g3 {[%clk 01:31:51]} {[%emt 00:00:17]} dxc4 {[%clk 01:29:31]}
{[%emt 00:01:37]} 5. Qa4+ {[%clk 01:31:44]} {[%emt 00:00:36]} Nbd7 {[%clk
01:28:38]} {[%emt 00:01:23]} 6. Bg2 {[%clk 01:31:04]} {[%emt 00:01:10]} a6
{[%clk 01:28:15]} {[%emt 00:00:54]} 7. Qxc4 {[%clk 01:30:51]} {[%emt 00:00:42]}
b5 {[%clk 01:28:08]} {[%emt 00:00:37]} 8. Qc2 {[%clk 01:29:54]} {[%emt
00:01:27]} Bb7 {[%clk 01:28:05]} {[%emt 00:00:33]} 9. Bd2 {[%clk 01:28:31]}
{[%emt 00:01:53]} c5 {[%clk 01:26:37]} {[%emt 00:01:59]} 10. O-O {[%clk
01:26:34]} {[%emt 00:02:26]} Rc8 {[%clk 01:25:09]} {[%emt 00:01:59]} 11. dxc5
{[%clk 01:23:52]} {[%emt 00:03:12]} Bxc5 {[%clk 01:25:18]} {[%emt 00:00:21]}
12. Qd1 {[%clk 01:22:58]} {[%emt 00:01:24]} O-O {[%clk 01:17:34]} {[%emt
00:08:14]} 13. Nc3 {[%clk 01:20:47]} {[%emt 00:02:40]} Qe7 {[%clk 01:03:44]}
{[%emt 00:14:20]} 14. e3 {[%clk 01:16:13]} {[%emt 00:05:04]} Rfd8 {[%clk
00:56:55]} {[%emt 00:07:20]} 15. Qe2 {[%clk 01:14:25]} {[%emt 00:02:17]} Nb6
{[%clk 00:53:53]} {[%emt 00:03:32]} 16. Rfd1 {[%clk 01:12:10]} {[%emt
00:02:44]} b4 {[%clk 00:45:27]} {[%emt 00:08:58]} 17. Nb1 {[%clk 01:11:34]}
{[%emt 00:01:06]} Be4 {[%clk 00:30:31]} {[%emt 00:15:26]} 18. Ne1 {[%clk
01:08:29]} {[%emt 00:03:34]} Bxg2 {[%clk 00:23:30]} {[%emt 00:07:31]} 19. Nxg2
{[%clk 01:07:10]} {[%emt 00:01:49]} Qb7 {[%clk 00:21:47]} {[%emt 00:02:13]} 20.
Be1 {[%clk 01:04:46]} {[%emt 00:02:53]} Rxd1 {[%clk 00:16:49]} {[%emt
00:05:30]} 21. Qxd1 {[%clk 01:05:07]} {[%emt 00:00:08]} Nc4 {[%clk 00:15:37]}
{[%emt 00:01:42]} 22. Nd2 {[%clk 01:02:05]} {[%emt 00:03:33]} Ne5 {[%clk
00:15:41]} {[%emt 00:00:26]} 23. Nb3 {[%clk 00:58:59]} {[%emt 00:03:36]} Be7
{[%clk 00:10:37]} {[%emt 00:05:34]} 24. Qe2 {[%clk 00:54:54]} {[%emt 00:04:34]}
h6 {[%clk 00:07:48]} {[%emt 00:03:19]} 25. Nd4 {[%clk 00:52:58]} {[%emt
00:02:26]} a5 {[%clk 00:06:44]} {[%emt 00:01:34]} 26. Bd2 {[%clk 00:47:21]}
{[%emt 00:06:07]} Ne4 {[%clk 00:06:51]} {[%emt 00:00:24]} 27. Rc1 {[%clk
00:46:16]} {[%emt 00:01:34]} Rxc1+ {[%clk 00:05:35]} {[%emt 00:01:47]} 28. Bxc1
{[%clk 00:46:37]} {[%emt 00:00:08]} Qd5 {[%clk 00:04:44]} {[%emt 00:01:17]} 29.
Qc2 {[%clk 00:43:13]} {[%emt 00:03:58]} Ng5 {[%clk 00:03:55]} {[%emt 00:01:20]}
30. h4 {[%clk 00:38:53]} {[%emt 00:04:49]} Ngf3+ {[%clk 00:02:13]} {[%emt
00:02:13]} 31. Nxf3 {[%clk 00:38:48]} {[%emt 00:00:33]} Nxf3+ {[%clk 00:02:41]}
{[%emt 00:00:03]} 32. Kf1 {[%clk 00:38:49]} {[%emt 00:00:29]} Qxa2 {[%clk
00:01:04]} {[%emt 00:02:07]} 33. Nf4 {[%clk 00:36:31]} {[%emt 00:02:47]} Ne5
{[%clk 00:01:03]} {[%emt 00:00:32]} 34. Qc7 {[%clk 00:35:02]} {[%emt 00:02:00]}
Qc4+ {[%clk 00:01:05]} {[%emt 00:00:28]} 35. Qxc4 {[%clk 00:35:15]} {[%emt
00:00:16]} Nxc4 {[%clk 00:01:34]} {[%emt 00:00:01]} 36. Ke2 {[%clk 00:34:29]}
{[%emt 00:01:16]} Bf6 {[%clk 00:01:04]} {[%emt 00:01:00]} 37. b3 {[%clk
00:34:09]} {[%emt 00:00:50]} Nb6 {[%clk 00:01:12]} {[%emt 00:00:21]} 38. Nd3
{[%clk 00:33:48]} {[%emt 00:00:52]} Kf8 {[%clk 00:00:59]} {[%emt 00:00:43]} 39.
e4 {[%clk 00:33:05]} {[%emt 00:01:13]} Bd4 {[%clk 00:00:58]} {[%emt 00:00:29]}
40. Be3 {[%clk 00:32:12]} {[%emt 00:01:25]} Bxe3 {[%clk 00:00:51]} {[%emt
00:00:38]} 41. Kxe3 {[%clk 00:32:29]} {[%emt 00:00:13]} Ke7 {[%clk 00:16:52]}
{[%emt 00:14:29]} 42. Ne5 {[%clk 01:00:28]} {[%emt 00:02:31]} Nd7 {[%clk
00:10:24]} {[%emt 00:06:57]} 43. Nc4 {[%clk 00:58:49]} {[%emt 00:02:09]} Nc5
{[%clk 00:10:10]} {[%emt 00:00:44]} 44. Nxa5 {[%clk 00:59:06]} {[%emt
00:00:13]} e5 {[%clk 00:07:36]} {[%emt 00:03:03]} 45. Nc6+ {[%clk 00:58:12]}
{[%emt 00:01:25]} Kd6 {[%clk 00:07:22]} {[%emt 00:00:44]} 46. Nxb4 {[%clk
00:58:23]} {[%emt 00:00:19]} 1/2-1/2

[Event "DVM U20 2020"]
[Site "Willingen GER"]
[Date "2021.06.26"]
[Round "5"]
[White "Falke, Philipp"]
[Black "Kamp, Aaron"]
[Result "1-0"]
[Termination "normal"]
[Board "7.5"]
[WhiteElo "1334"]
[BlackElo "1771"]
[WhiteClock "01:03:26"]
[BlackClock "01:22:54"]
[WhiteTeam "Post SV Uelzen"]
[BlackTeam "Schachklub Münster 32 e. V."]
[PlyCount "59"]
[WhiteFideId "16294696"]
[BlackFideId "16231120"]
[EventCountry "GER"]
[EventRounds "7"]
[EventType "team-swiss"]
[EventDate "2021.06.23"]

1. e4 {[%clk 01:30:55]} {[%emt 00:00:04]} c5 {[%clk 01:30:52]} {[%emt
00:00:09]} 2. Nf3 {[%clk 01:31:15]} {[%emt 00:00:09]} d6 {[%clk 01:31:17]}
{[%emt 00:00:06]} 3. d4 {[%clk 01:31:35]} {[%emt 00:00:10]} cxd4 {[%clk
01:31:40]} {[%emt 00:00:07]} 4. Nxd4 {[%clk 01:31:59]} {[%emt 00:00:08]} Nf6
{[%clk 01:32:03]} {[%emt 00:00:05]} 5. Nc3 {[%clk 01:32:16]} {[%emt 00:00:13]}
g6 {[%clk 01:32:27]} {[%emt 00:00:06]} 6. Be3 {[%clk 01:32:19]} {[%emt
00:00:27]} Bg7 {[%clk 01:32:49]} {[%emt 00:00:08]} 7. f3 {[%clk 01:31:52]}
{[%emt 00:00:57]} O-O {[%clk 01:33:05]} {[%emt 00:00:14]} 8. Qd2 {[%clk
01:31:45]} {[%emt 00:00:37]} Nc6 {[%clk 01:33:26]} {[%emt 00:00:08]} 9. O-O-O
{[%clk 01:31:48]} {[%emt 00:00:27]} Bd7 {[%clk 01:33:40]} {[%emt 00:00:16]} 10.
g4 {[%clk 01:30:57]} {[%emt 00:01:21]} a6 {[%clk 01:33:15]} {[%emt 00:00:55]}
11. h4 {[%clk 01:28:14]} {[%emt 00:03:13]} h5 {[%clk 01:33:34]} {[%emt
00:00:12]} 12. gxh5 {[%clk 01:25:49]} {[%emt 00:02:56]} Nxh5 {[%clk 01:33:56]}
{[%emt 00:00:07]} 13. Qf2 {[%clk 01:23:14]} {[%emt 00:03:04]} Rc8 {[%clk
01:33:25]} {[%emt 00:01:02]} 14. Be2 {[%clk 01:19:21]} {[%emt 00:04:21]} Qa5
{[%clk 01:33:01]} {[%emt 00:00:55]} 15. Nb3 {[%clk 01:16:32]} {[%emt 00:03:18]}
Qd8 {[%clk 01:29:29]} {[%emt 00:04:03]} 16. f4 {[%clk 01:11:47]} {[%emt
00:05:16]} Na5 {[%clk 01:24:58]} {[%emt 00:05:01]} 17. Nxa5 {[%clk 01:09:41]}
{[%emt 00:02:35]} Qxa5 {[%clk 01:25:20]} {[%emt 00:00:09]} 18. Bb6 {[%clk
01:09:35]} {[%emt 00:00:35]} Qb4 {[%clk 01:22:41]} {[%emt 00:03:09]} 19. a3
{[%clk 01:09:04]} {[%emt 00:01:02]} Qxb2+ {[%clk 01:22:45]} {[%emt 00:00:25]}
20. Kxb2 {[%clk 01:09:18]} {[%emt 00:00:16]} Rxc3 {[%clk 01:23:09]} {[%emt
00:00:06]} 21. Bd4 {[%clk 01:08:21]} {[%emt 00:01:25]} Rfc8 {[%clk 01:22:52]}
{[%emt 00:00:49]} 22. Bd3 {[%clk 01:03:46]} {[%emt 00:05:04]} Nxf4 {[%clk
01:22:49]} {[%emt 00:00:34]} 23. Bxg7 {[%clk 01:02:42]} {[%emt 00:01:36]} Nxd3+
{[%clk 01:23:10]} {[%emt 00:00:08]} 24. Rxd3 {[%clk 01:02:39]} {[%emt
00:00:33]} Rxd3 {[%clk 01:23:17]} {[%emt 00:00:23]} 25. cxd3 {[%clk 01:02:55]}
{[%emt 00:00:13]} Kxg7 {[%clk 01:23:35]} {[%emt 00:00:12]} 26. Rc1 {[%clk
01:03:01]} {[%emt 00:00:22]} Rh8 {[%clk 01:23:30]} {[%emt 00:00:37]} 27. Rc7
{[%clk 01:03:12]} {[%emt 00:00:19]} Be6 {[%clk 01:23:49]} {[%emt 00:00:11]} 28.
Rxe7 {[%clk 01:03:09]} {[%emt 00:00:33]} b6 {[%clk 01:23:47]} {[%emt 00:00:33]}
29. d4 {[%clk 01:03:20]} {[%emt 00:00:18]} Kf8 {[%clk 01:22:54]} {[%emt
00:01:24]} 30. Rb7 {[%clk 01:03:26]} {[%emt 00:00:22]} 1-0